00673nam a22002297a 450000500170000001000140001702000220003103500140005303700160006704000120008308200160009510000280011124500690013925000120020826000410022027000600026130000210032150000200034265000350036265000270039770000190042420170124110243.0 aA-0493893 c00.00a8171770193 aA-0493893 bCen Lib/Ret aDPLbEN a347.09bROY aRoy Chowdhury, Salil K. aArbitration law /bby Salil K. Roy Chowdhury [and] H.K. Saharay  a3rd ed  aNew Delhi bEastern Law House c1991 bNew Delhi a36, Netaji Subhash MArg, Daryaganj e110002 a954p. c23cm(Hb) aincludes index  aArbitration and award -- India aArbitration and award. a Saharay, H.K.